Basic Mechanical Engineering (Record no. 2811)

MARC details
000 -LEADER
fixed length control field 00423nam a22001697a 4500
005 - DATE AND TIME OF LATEST TRANSACTION
control field 20160615151335.0
008 - FIXED-LENGTH DATA ELEMENTS--GENERAL INFORMATION
fixed length control field 160615b xxu||||| |||| 00| 0 eng d
020 ## - INTERNATIONAL STANDARD BOOK NUMBER
ISBN 978-81-265-1878-4
041 ## - LANGUAGE CODE
Language code of text/sound track or separate title eng
082 ## - DEWEY DECIMAL CLASSIFICATION NUMBER
Item number 7810
100 ## - MAIN ENTRY--AUTHOR NAME
Personal name Agarwal, Basant & Agarwal, C.M.
245 ## - TITLE STATEMENT
Title Basic Mechanical Engineering
260 ## - PUBLICATION, DISTRIBUTION, ETC. (IMPRINT)
Name of publisher Wiley India
Year of publication 2011
300 ## - PHYSICAL DESCRIPTION
Number of Pages 363
650 ## - SUBJECT ADDED ENTRY--TOPICAL TERM
Topical Term DIPLOMA ENGINEERING
942 ## - ADDED ENTRY ELEMENTS (KOHA)
Koha item type Books
Holdings
Lost status Damaged status Home library Current library Shelving location Date acquired Cost, normal purchase price Full call number Accession Number Koha item type Collection code
    JRU Library   SHELF-45-J 15/06/2016 359.00 7810 7810 Books  
    JRU Library   SHELF-45-J 15/06/2016 359.00 7810 7811 Books  
    JRU Library   SHELF -72 - I 15/06/2016 359.00 7810 7812 Books Reference
    JRU Library   SHELF-45-J 15/06/2016 359.00 7810 7813 Books  
    JRU Library   SHELF-45-J 15/06/2016 359.00 7810 7814 Books